Crime and delinquency in Britain; (Record no. 757)

MARC details
000 -LEADER
fixed length control field 01038cam a2200313 4500
001 - CONTROL NUMBER
control field 4641665
003 - CONTROL NUMBER IDENTIFIER
control field OSt
005 - DATE AND TIME OF LATEST TRANSACTION
control field 20110722085919.0
008 - FIXED-LENGTH DATA ELEMENTS--GENERAL INFORMATION
fixed length control field 710818s1971 enka b 000 0 eng
010 ## - LIBRARY OF CONGRESS CONTROL NUMBER
LC control number 78584762
015 ## - NATIONAL BIBLIOGRAPHY NUMBER
National bibliography number B***
020 ## - INTERNATIONAL STANDARD BOOK NUMBER
International Standard Book Number 0855200022
040 ## - CATALOGING SOURCE
Original cataloging agency DLC
Transcribing agency DLC
Modifying agency DLC
043 ## - GEOGRAPHIC AREA CODE
Geographic area code e-uk---
050 00 - LIBRARY OF CONGRESS CALL NUMBER
Classification number HV6947
Item number .C35
082 00 - DEWEY DECIMAL CLASSIFICATION NUMBER
Classification number 364.2 CRI
100 1# - MAIN ENTRY--PERSONAL NAME
Personal name Carson, W. G.,
Relator term comp.
9 (RLIN) 2064
245 10 - TITLE STATEMENT
Title Crime and delinquency in Britain;
Remainder of title sociological readings,
Statement of responsibility, etc edited by W. G. Carson and Paul Wiles.
260 ## - PUBLICATION, DISTRIBUTION, ETC. (IMPRINT)
Place of publication, distribution, etc [London]
Name of publisher, distributor, etc M. Robertson
Date of publication, distribution, etc [1971]
300 ## - PHYSICAL DESCRIPTION
Extent 258 p.
Other physical details illus.
Dimensions 22 cm.
350 ## - PRICE (NR) (BK AM CF MU VM SE) [OBSOLETE]
Price £2.50
504 ## - BIBLIOGRAPHY, ETC. NOTE
Bibliography, etc Includes bibliographical references.
650 #0 - SUBJECT ADDED ENTRY--TOPICAL TERM
Topical term or geographic name as entry element Crime
Geographic subdivision Great Britain.
9 (RLIN) 2065
650 #0 - SUBJECT ADDED ENTRY--TOPICAL TERM
Topical term or geographic name as entry element Criminals
Geographic subdivision Great Britain.
9 (RLIN) 2066
700 1# - ADDED ENTRY--PERSONAL NAME
Personal name Wiles, Paul,
Relator term joint comp.
9 (RLIN) 2067
906 ## - LOCAL DATA ELEMENT F, LDF (RLIN)
a 7
b cbc
c orignew
d 3
e ncip
f 19
g y-gencatlg
942 ## - ADDED ENTRY ELEMENTS (KOHA)
Source of classification or shelving scheme Dewey Decimal Classification
Koha item type Books
Holdings
Withdrawn status Lost status Source of classification or shelving scheme Damaged status Not for loan Home library Current library Shelving location Date acquired Total Checkouts Full call number Barcode Date last seen Price effective from Koha item type
    Dewey Decimal Classification     Law Development Centre Main Library Law Development Centre Main Library Text Books and Laws 04/28/2011   364.2 CRI 2011/2509 04/28/2011 04/28/2011 Books